Il senatoconsulto Q.Iulio Balbo et P.Iuventio Celso consulibus factum nella letteratura di Ulpiano

Detalles Bibliográficos
Autor principal: Gonzl̀ez-Roldǹ, Yuri
Formato: Desconocido
Lenguaje:italiano
Publicado: [Roma] : Cacucci Editore, 2008
Materias:
Acceso en línea:Acceso restringido

MARC

LEADER 00000ny a22000003n 4500
005 20110524125848.0
008 101118s2010 it 000 ita d
022 |a 9788884227096 
035 |a 5074 
040 |a BUS  |d vLex 
090 |c 219  |d 219 
100 1 |a Gonzl̀ez-Roldǹ, Yuri 
245 1 3 |a Il senatoconsulto Q.Iulio Balbo et P.Iuventio Celso consulibus factum nella letteratura di Ulpiano  |h [Recurso electrn̤ico]  |c Yuri Gonzl̀ez-Roldǹ  
256 |a Servicio en ln̕ea 
260 |a [Roma] :  |b Cacucci Editore,  |c 2008 
506 1 |a Contenido solo disponible en los productos indicados  |d vLex Global  |d vLex Global (Academic Edition, excluding Law Schools)  |d vLex Global (U.S. Academic Edition, Law Schools)  |d vLex Global (U.S. Academic Edition, excluding Law Schools)  |d vLex Global (Academic Edition, Law Schools) 
600 |a Ulpiano, Domicio 
740 0 |a vLex Libros (Servicios en ln̕ea) 
856 4 0 |u http://vlex.com/source/5074  |z Acceso restringido 
942 |c BOOK 
999 0 |a Law  |b Italy